Ricostruisci la Carriera del Calciatore - Martín Cáceres - Statistics

Statistiche generali
  • Questo quiz è stato fatto 4 volte
  • Il punteggio medio è 6 su 15
Statistiche sulle risposte
Hint Risposta % Corretto
2005-2007 Defensor
75%
2019-2021 Fiorentina
75%
2009-2010 Juventus
75%
2008-2009 Barcellona
50%
2012-2016 Juventus
50%
2022 Levante
50%
2021-2022 Cagliari
25%
2019 Juventus
25%
2022- LA Galaxy
25%
2018-2019 Lazio
25%
2007-2008 Recreativo Huelva
25%
2010-2012 Siviglia
25%
2017 Southampton
25%
2017-2018 Verona
25%
2007 Villarreal
25%
Nessun quiz corrispondente trovato
Distribuzione punteggi
Percentuale di utenti per punteggio
Percentile per numero di risposta
I tuoi punteggi nel tempo
Non hai fatto questo quiz